000 01879cam a22002773a 4500
001 17198
003 PGUSA
005 20140828083352.0
008 051202s2005||||xxu|||||s|||||000 | eng d
040 _aPGUSA
_beng
042 _adc
050 4 _aQK
100 1 _aCurtis, William,
_d1746-1799
245 1 4 _aThe Botanical Magazine, Vol. 1 :
_bOr, Flower-Garden Displayed
_h[electronic resource] /
_cWilliam Curtis
260 _bProject Gutenberg,
_c2005
505 0 _a[1]—Iris Persica. -- [2]—Rudbeckia purpurea. -- [3]—Helleborus hyemalis. -- [4]—Cyclamen Coum. -- [5]—Erythronium Dens Canis. -- [6]—Narcissus Minor. -- [7]—Cynoglossum Omphalodes. -- [8]—Helleborus Niger. -- [9]—Iris pumila. -- [10]—Anemone Hepatica. -- [11]—Erica herbacea. -- [12]—Dodecatheon Meadia. -- [13]—Coronilla glauca. -- [14]—Primula villosa. -- [15]—Narcissus Jonquilla. -- [16]—Iris variegata. -- [17]—Cactus flagelliformis. -- [18]—Geranium Reichardi. -- [19]—Hemerocallis Flava. -- [20]—Geranium Peltatum. -- [21]—Iris Versicolor. -- [22]—Nigella damascena. -- [23]—Tropæolum majus. -- [24]—Agrostemma coronaria. -- [25]—Dianthus chinensis. -- [26]—Stapelia variegata. -- [27]—Convolvulus tricolor. -- [28]—Passiflora cœrulea. -- [29]—Reseda odorata. -- [30]—Lilium chalcedonicum. -- [31]—Jasminum officinale. -- [32]—Mesembryanthemum dolabriforme. -- [33]—Aster tenellus. -- [34]—Browallia elata. -- [35]—Crepis barbata. -- [36]—Lilium bulbiferum.
506 _aPublic domain in the USA.
516 _aElectronic text
653 _aBotanical illustration -- Periodicals
653 _aPlants, Cultivated -- Periodicals
653 _aPlants, Ornamental -- Periodicals
653 _aPlants -- Periodicals
830 0 _aProject Gutenberg
_v17198
856 4 0 _uhttp://www.gutenberg.org/ebooks/17198
942 _cEB
999 _c246453
_d246453